| 000 | 00692cam a2200229 a 4500 | ||
|---|---|---|---|
| 020 | _a0849343615 (set) | ||
| 020 | _a0849343623 (v. 1) | ||
| 020 | _a0849343631 (v. 2) | ||
| 020 | _a084934364X (v. 3) | ||
| 020 | _a0849343658 (v. 4) | ||
| 040 | _cDLC | ||
| 082 | 0 | 0 | _a547 BOC 1988 A111 Or. |
| 245 | 0 | 0 | _aChemical kinetics of small organic radicals / |
| 260 |
_aBoca Raton, Fla. : _bCRC Press, _cc1988- |
||
| 300 |
_av. <1-3 > : _bill. ; _c27 cm. |
||
| 500 | _aCover title: CRC chemical kinetics of small organic radicals. | ||
| 650 | 0 | _aFree radical reactions. | |
| 650 | 0 | _aFree radicals (Chemistry) | |
| 650 | 0 | _aChemical kinetics. | |
| 700 | 1 | _aAlfassi, Zeev B. | |
| 942 | _cEK | ||
| 999 |
_c16763 _d16763 |
||